MARC

Tag First Indicator Second Indicator Subfields
LEADER 00000cam a2200000 i 4500
001 in00004812921
008 890906s1989 mdua f000 0 eng d
005 20240807192846.1
035 |a (OCoLC)ocm20305283  
040 |a CUS  |b eng  |e rda  |c CUS  |d IXA  |d OCLCQ  |d OCLCF  |d OCLCQ  |d OCLCO  |d OCL  |d OLA  |d OCLCQ  |d OCLCA  |d OCLCQ  |d OCLCO  |d OCLCQ  |d OCLCL 
035 |a (OCoLC)20305283 
043 |a n-us--- 
050 4 |a VM453  |b .S5 1989 
049 |a MAIN 
245 0 0 |a Ships of the NOAA fleet /  |c Office of NOAA Corps Operations. 
264 1 |a Rockville, Md. :  |b U.S. Department of Commerce, National Oceanic and Atmospheric Administration, Office of NOAA Corps Operations,  |c [1989] 
300 |a 1 volume (various pagings) :  |b illustrations ;  |c 28 cm 
336 |a text  |b txt  |2 rdacontent 
337 |a unmediated  |b n  |2 rdamedia 
338 |a volume  |b nc  |2 rdacarrier 
500 |a "June 1989." 
530 |a Also available online in PDF via the NOAA Central Library. 
590 |b TAG Physical Holdings 2 
610 1 0 |a United States.  |b National Oceanic and Atmospheric Administration  |v Lists of vessels. 
610 1 7 |a United States.  |b National Oceanic and Atmospheric Administration.  |2 fast  |0 (OCoLC)fst00529308 
650 0 |a Oceanographic research ships  |z United States. 
650 6 |a Navires océanographiques  |z États-Unis. 
650 7 |a Oceanographic research ships.  |2 fast  |0 (OCoLC)fst01043651 
651 7 |a United States.  |2 fast  |0 (OCoLC)fst01204155  |1 https://id.oclc.org/worldcat/entity/E39PBJtxgQXMWqmjMjjwXRHgrq 
655 7 |a Lists of vessels.  |2 fast  |0 (OCoLC)fst01423793 
710 1 |a United States.  |b Office of NOAA Corps Operations,  |e publisher. 
776 0 8 |i Online version:  |t Ships of the NOAA fleet.  |d Rockville, Md. : U.S. Dept. of Commerce, National Oceanic and Atmospheric Administration, Office of NOAA Corps Operations, [1989]  |w (OCoLC)656174843 
856 4 1 |u https://library.oarcloud.noaa.gov/noaa_documents.lib/OMAO/NOAA_Corps/NOAA_ships/NOAA_ships_fleet_1989.pdf  |z Online version in PDF via the NOAA Central Library (5.8 MB)  |t 0 
856 4 2 |u https://library.oarcloud.noaa.gov/#noaa_documents.lib/OMAO/NOAA_Corps/NOAA_ships/NOAA_ships_51001B/  |z Regulatory issues for the NOAA fleet (PDF documents)  |t 0 
994 |a 92  |b TAG 
852 |a TAG  |b TAGC  |c galv,stk  |h VM453 .S5 1989  |t c.1 
876 |p 33620000245122  |v unmediated -- volume 
999 f f |s 6ffebc91-f1ae-4d43-8748-bee3b7b60e85  |i b3febe46-f3b0-4602-8db7-fabd5b31781d  |t 0 
952 f f |p normal  |a Texas A&M University  |b Galveston Campus  |c Jack K. Williams Library  |d Galveston Stacks  |t 0  |e VM453 .S5 1989  |h Library of Congress classification  |i unmediated -- volume  |m 33620000245122 
998 f f |a VM453 .S5 1989  |t 0  |l Galveston Stacks